=LDR 00000nam 2200000 4500 =001 INLIS000000000010257 =005 20130612101943 =008 ***********************************Ind** =035 ##$$0010-061300000010257 =041 ##$$a Ind =082 ##$$a 597.31 =090 ##$$a 597.31, Raob m =100 ##$$a ROBSON, Denny =245 ##$$a Mengamati ikan Hiu =260 ##$$a 1996 $b Jakarta =300 ##$$a 32 hlm, ilus, 26 cm =650 ##$$a Ikan Hiu - Bacaan Anak-anak =850 ##$$a NBPNMAT